|
|
|
|
| LEADER |
00000cam a2200000 c 4500 |
| 001 |
023912324 |
| 003 |
DE-627 |
| 005 |
20260206193710.0 |
| 007 |
tu |
| 008 |
710101s1982 gw ||||| 00| ||ger c |
| 015 |
|
|
|a 82,N13,0007
|2 dnb
|
| 015 |
|
|
|a 82,A27,0073
|2 dnb
|
| 016 |
7 |
|
|a 820371408
|2 DE-101
|
| 020 |
|
|
|a 316244506X
|9 3-16-244506-X
|
| 020 |
|
|
|a 3162445078
|9 3-16-244507-8
|
| 035 |
|
|
|a (DE-627)023912324
|
| 035 |
|
|
|a (DE-603)010529098
|
| 035 |
|
|
|a (DE-576)008683786
|
| 035 |
|
|
|a (DE-599)GBV023912324
|
| 035 |
|
|
|a (OCoLC)230285877
|
| 035 |
|
|
|a (OCoLC)230285877
|
| 035 |
|
|
|a (OCoLC)09451135
|
| 035 |
|
|
|a (DE-604)8000523267
|
| 040 |
|
|
|a DE-627
|b ger
|c DE-627
|e rakwb
|
| 041 |
|
|
|a ger
|
| 044 |
|
|
|c XA-DE-BW
|
| 050 |
|
0 |
|a BD163
|
| 082 |
0 |
|
|a 121
|
| 084 |
|
|
|a 10
|2 sdnb
|
| 084 |
|
|
|a 10
|a 12
|2 sdnb
|
| 084 |
|
|
|a 1
|2 ssgn
|
| 084 |
|
|
|a CC 4400
|2 rvk
|0 (DE-625)rvk/17626:
|
| 084 |
|
|
|a CI 1344
|2 rvk
|0 (DE-625)rvk/18372:11603
|
| 084 |
|
|
|a AK 20200
|2 rvk
|0 (DE-625)rvk/2543:
|
| 084 |
|
|
|a CI 1200
|2 rvk
|0 (DE-625)rvk/18369:
|
| 084 |
|
|
|a CC 3200
|2 rvk
|0 (DE-625)rvk/17614:
|
| 084 |
|
|
|a PI 2770
|2 rvk
|0 (DE-625)rvk/136580:
|
| 084 |
|
|
|a 02.02
|2 bkl
|
| 100 |
1 |
|
|a Albert, Hans
|d 1921-2023
|e Verf.
|0 (DE-588)118501445
|0 (DE-627)079306314
|0 (DE-576)208840737
|4 aut
|
| 109 |
|
|
|a Albert, Hans 1921-2023
|a Albrecht, Hans 1921-2023
|a Albert, H. 1921-2023
|
| 245 |
1 |
4 |
|a Die Wissenschaft und die Fehlbarkeit der Vernunft
|c von Hans Albert
|
| 264 |
|
1 |
|a Tübingen
|b Mohr
|c 1982
|
| 300 |
|
|
|a X, 190 S.
|c 24 cm
|
| 336 |
|
|
|a Text
|b txt
|2 rdacontent
|
| 337 |
|
|
|a ohne Hilfsmittel zu benutzen
|b n
|2 rdamedia
|
| 338 |
|
|
|a Band
|b nc
|2 rdacarrier
|
| 500 |
|
|
|a Literaturangaben
|
| 583 |
1 |
|
|a Archivierung/Langzeitarchivierung gewährleistet
|f PEBW
|x XA-DE-BW
|2 pdager
|5 DE-24
|
| 583 |
1 |
|
|a Archivierung/Langzeitarchivierung gewährleistet
|f SSG
|x XA-DE-BW
|2 pdager
|5 DE-21
|
| 650 |
0 |
7 |
|0 (DE-588)4165789-5
|0 (DE-627)105437573
|0 (DE-576)20989783X
|a Kritizismus
|2 gnd
|
| 650 |
0 |
7 |
|0 (DE-588)4139710-1
|0 (DE-627)105633348
|0 (DE-576)209696680
|a Realismus
|g Philosophie
|2 gnd
|
| 650 |
0 |
7 |
|0 (DE-588)4225022-5
|0 (DE-627)104543590
|0 (DE-576)210302992
|a Transzendentalpragmatik
|2 gnd
|
| 650 |
0 |
7 |
|0 (DE-588)4024772-7
|0 (DE-627)106296590
|0 (DE-576)208957294
|a Heuristik
|2 gnd
|
| 650 |
0 |
7 |
|0 (DE-588)4250187-8
|0 (DE-627)104778784
|0 (DE-576)210751975
|a Fallibilismus
|2 gnd
|
| 650 |
0 |
7 |
|0 (DE-588)4059758-1
|0 (DE-627)104131446
|0 (DE-576)209132159
|a Theologie
|2 gnd
|
| 653 |
|
0 |
|a Knowledge, Theory of
|
| 653 |
|
0 |
|a Rationalism
|
| 653 |
|
0 |
|a Theology
|
| 689 |
0 |
0 |
|d s
|0 (DE-588)4128211-5
|0 (DE-627)105718963
|0 (DE-576)209600179
|a Kritischer Rationalismus
|2 gnd
|
| 689 |
0 |
|
|5 (DE-627)
|
| 689 |
1 |
0 |
|d s
|0 (DE-588)4117665-0
|0 (DE-627)105797499
|0 (DE-576)209511842
|a Wissenschaftstheorie
|2 gnd
|
| 689 |
1 |
|
|5 (DE-627)
|
| 856 |
4 |
2 |
|u http://scans.hebis.de/HEBCGI/show.pl?01052909_toc.pdf
|m V:DE-605
|q application/pdf
|3 Inhaltsverzeichnis
|7 1
|
| 889 |
|
|
|w (DE-627)441774628
|
| 935 |
|
|
|a mteo
|
| 935 |
|
|
|i mdedup
|
| 935 |
|
|
|i Blocktest
|
| 935 |
|
|
|h HEB
|i 0501
|
| 935 |
|
|
|h HEB
|i 0503
|
| 936 |
r |
v |
|a CC 4400
|b Abhandlungen zur Erkenntnistheorie
|k Philosophie
|k Systematische Philosophie
|k Erkenntnistheorie
|k Abhandlungen zur Erkenntnistheorie
|0 (DE-627)1270638866
|0 (DE-625)rvk/17626:
|0 (DE-576)200638866
|
| 936 |
r |
v |
|a CI 1344
|b Einzelschriften
|k Philosophie
|k Geschichte der Philosophie
|k Geschichte der Philosophie des Abendlandes von Antike bis 20. Jahrhundert
|k Philosophie des 20. Jahrhunderts
|k Deutschland und deutschsprachige Länder
|k Autoren
|k Autoren A
|k Albert, Hans
|k Einzelschriften
|0 (DE-627)1271615649
|0 (DE-625)rvk/18372:11603
|0 (DE-576)201615649
|
| 936 |
r |
v |
|a AK 20200
|b Analytische und deduktive Wissenschaftstheorie
|k Allgemeines
|k Wissenschaftskunde und Wissenschaftsorganisation
|k Wissenschaftstheorie
|k Analytische und deduktive Wissenschaftstheorie
|0 (DE-627)1270656694
|0 (DE-625)rvk/2543:
|0 (DE-576)200656694
|
| 936 |
r |
v |
|a CI 1200
|b Sammelwerke/Texte nicht aufgeführter Autoren
|k Philosophie
|k Geschichte der Philosophie
|k Geschichte der Philosophie des Abendlandes von Antike bis 20. Jahrhundert
|k Philosophie des 20. Jahrhunderts
|k Deutschland und deutschsprachige Länder
|k Autoren
|k Sammelwerke/Texte nicht aufgeführter Autoren
|0 (DE-627)1270648357
|0 (DE-625)rvk/18369:
|0 (DE-576)200648357
|
| 936 |
r |
v |
|a CC 3200
|b Abhandlungen zur allgemeinen Wissenschaftstheorie
|k Philosophie
|k Systematische Philosophie
|k Allgemeine Wissenschaftstheorie
|k Abhandlungen zur allgemeinen Wissenschaftstheorie
|0 (DE-627)1270638769
|0 (DE-625)rvk/17614:
|0 (DE-576)200638769
|
| 936 |
r |
v |
|a PI 2770
|b Sekundärliteratur
|k Rechtswissenschaft
|k Allgemeine Rechtslehre und Rechtstheorie, Rechts- und Staatsphilosophie, Rechtssoziologie
|k Geschichte der Staats- und Rechtsphilosophie
|k Staats- und Rechtsphilosophie im 20. Jahrhundert und 21. Jahrhundert
|k Sekundärliteratur
|0 (DE-627)1270920413
|0 (DE-625)rvk/136580:
|0 (DE-576)200920413
|
| 936 |
b |
k |
|a 02.02
|j Wissenschaftstheorie
|0 (DE-627)106403435
|
| 936 |
s |
n |
|a a100
|2 mzub
|
| 936 |
s |
n |
|a c100
|2 mzub
|
| 936 |
s |
n |
|a p100
|2 mzub
|
| 936 |
s |
n |
|a b100
|2 mzub
|
| 951 |
|
|
|a BO
|
| ELC |
|
|
|b 1
|
| LOK |
|
|
|0 000 xxxxxcx a22 zn 4500
|
| LOK |
|
|
|0 001 3172245101
|
| LOK |
|
|
|0 003 DE-627
|
| LOK |
|
|
|0 004 023912324
|
| LOK |
|
|
|0 005 20140522143740
|
| LOK |
|
|
|0 008 930709||||||||||||||||ger|||||||
|
| LOK |
|
|
|0 040
|a DE-21-110
|c DE-627
|d DE-21-110
|
| LOK |
|
|
|0 689
|a s
|a Kritischer Rationalismus
|
| LOK |
|
|
|0 689
|a s
|a Wissenschaftstheorie
|
| LOK |
|
|
|0 852
|a DE-21-110
|
| LOK |
|
|
|0 852 1
|c Q II 143
|m p
|9 00
|
| LOK |
|
|
|0 935
|a k110
|
| LOK |
|
|
|0 936ln
|a 1.6
|
| LOK |
|
|
|0 938
|k p
|
| LOK |
|
|
|0 939
|a 09-07-93
|b l01
|
| ORI |
|
|
|a SA-MARC-krimdoka001.raw
|
| SIG |
|
|
|a IFK: Q II 143
|